| 000 | 00442nam a22001337a 4500 | ||
|---|---|---|---|
| 082 | _a004 | ||
| 245 |
_aSoftware Defect Prediction Using Enhanced Swarm Intelligence by _cFouzia Kanwal. |
||
| 260 |
_aIslamabad : _bCEME - NUST, _c2014. |
||
| 300 |
_a60 p. : ill. ; _c30cm. |
||
| 650 |
_aSoftware Engineering - MS Theses. _934605 |
||
| 700 |
_aSup: Dr. Aasia Khanum. _934606 |
||
| 942 |
_2ddc _cTHE |
||
| 999 |
_c540538 _d540538 |
||